000 00631nam a2200229Ia 4500
003 OSt
005 20221005033438.0
006 a|||||r|||| 00| 0
007 ta
008 221004b |||||||| |||| 00| 0 eng d
024 _a107882
037 _cTextual
040 _aCRL
_cCRL
_beng
041 _2eng
_aeng
082 _aO15,2D35:g, M5
100 _aMahamahopadhyaya Ed.
245 0 _aBhasa's plays
_b Acritical study
260 _aDelhi
_bBharatiya Vidya Prakashan India
_c1985
650 _aENGLISH LITERATURE
942 _hO15,2D35:g, M5
_cTEXL
_2cc
999 _c941538
_d941538